De Hartmont a Trujillo : (Record no. 2478)
[ view plain ]
| 000 -CABECERA | |
|---|---|
| campo de control de longitud fija | 00977nam a2200253 a 4500 |
| 001 - NÚMERO DE CONTROL | |
| campo de control | 000002642 |
| 003 - IDENTIFICADOR DEL NÚMERO DE CONTROL | |
| campo de control | DO-SdBNP |
| 005 - FECHA Y HORA DE LA ÚLTIMA TRANSACCIÓN | |
| campo de control | 20250621074004.0 |
| 008 - DATOS DE LONGITUD FIJA--INFORMACIÓN GENERAL | |
| campo de control de longitud fija | 090703s1953 dr r 000 0 spa d |
| 040 ## - FUENTE DE LA CATALOGACIÓN | |
| Centro catalogador/agencia de origen | DO-SdBNP |
| Lengua de catalogación | spa |
| Centro/agencia transcriptor | BNPHU |
| 049 ## - FONDOS LOCALES (OCLC) | |
| Fondos de biblioteca | BNPD |
| 082 ## - NÚMERO DE LA CLASIFICACIÓN DECIMAL DEWEY | |
| Número de clasificación | 336.3435 |
| Número de documento/Ítem | H565d |
| 100 1# - ENTRADA PRINCIPAL--NOMBRE DE PERSONA | |
| Nombre de persona | Herrera, César A., |
| Fechas asociadas al nombre | 1910-1988 |
| 9 (RLIN) | 8333 |
| 245 10 - MENCIÓN DE TÍTULO | |
| Título | De Hartmont a Trujillo : |
| Resto del título | estudio para la historia de la deuda pública / |
| Mención de responsabilidad, etc. | Cesar A. Herrera. |
| 260 ## - PUBLICACIÓN, DISTRIBUCIÓN, ETC. | |
| Lugar de publicación, distribución, etc. | Cuidad Trujillo, República Dominicana : |
| Nombre del editor, distribuidor, etc. | Impresora Dominicana, |
| Fecha de publicación, distribución, etc. | 1953. |
| 300 ## - DESCRIPCIÓN FÍSICA | |
| Extensión | 456 p. ; |
| Dimensiones | 23 cm. |
| 504 ## - NOTA DE BIBLIOGRAFÍA, ETC. | |
| Nota de bibliografía, etc. | Incluye referencias bibliográficas y notas al pie de las páginas. |
| 650 14 - PUNTO DE ACCESO ADICIONAL DE MATERIA--TÉRMINO DE MATERIA | |
| Término de materia o nombre geográfico como elemento de entrada | Deuda externa |
| Subdivisión general | Historia |
| Subdivisión geográfica | República Dominicana |
| 9 (RLIN) | 8334 |
| 651 14 - PUNTO DE ACCESO ADICIONAL DE MATERIA--NOMBRE GEOGRÁFICO | |
| Nombre geográfico | República Dominicana |
| Subdivisión general | Condiciones económicas |
| 9 (RLIN) | 281 |
| 651 10 - PUNTO DE ACCESO ADICIONAL DE MATERIA--NOMBRE GEOGRÁFICO | |
| Nombre geográfico | República Dominicana |
| Subdivisión general | Política y gobierno |
| 9 (RLIN) | 45 |
| 651 14 - PUNTO DE ACCESO ADICIONAL DE MATERIA--NOMBRE GEOGRÁFICO | |
| Nombre geográfico | República Dominicana |
| Subdivisión general | Historia |
| Subdivisión cronológica | 1865-1916 |
| 9 (RLIN) | 6305 |
| 910 ## - DATOS DE OPCIÓN DEL USUARIO (OCLC) | |
| Datos de opción del usuario | Validado. Control de calidad BNPHU |
| 942 ## - ELEMENTOS DE PUNTO DE ACCESO ADICIONAL (KOHA) | |
| Fuente del sistema de clasificación o colocación | Dewey Decimal Classification |
| Tipo de ítem Koha | Libro |
| Estado de retiro | Estado de pérdida | Restricciones de uso | No para préstamo | Código de colección | Localización permanente | Ubicación/localización actual | Ubicación en estantería | Fecha de adquisición | Número de inventario | Total de préstamos | Signatura topográfica completa | Código de barras | Fecha visto por última vez | Número de copia | Precio válido a partir de | Tipo de ítem Koha | Nota pública |
|---|---|---|---|---|---|---|---|---|---|---|---|---|---|---|---|---|---|
| Raros y valiosos | General | General | Depósito | 01.08.2011 | LF1 | 336.3435 H565d | 2642-40 | 25.06.2020 | e. 4 | 25.06.2020 | Préstamo en sala | ||||||
| Raros y valiosos | General | General | Depósito | 01.08.2011 | LF1 | 336.3435 H565d | 2642-50 | 25.06.2020 | e. 5 | 25.06.2020 | Préstamo en sala | ||||||
| Excluido de préstamo | Raros y valiosos | Patrimonio Dominicano | Patrimonio Dominicano | Depósito | 03.07.2009 | LF1 | 336.3435 H565d | 2642-10 | 25.06.2020 | 25.06.2020 | No se presta | Perteneció a la biblioteca personal de Germán Emilio Ornes | |||||
| Excluido de préstamo | Raros y valiosos | Patrimonio Dominicano | Patrimonio Dominicano | Depósito | 03.07.2009 | LF1 | 336.3435 H565d | 2642-20 | 25.06.2020 | e.2 | 25.06.2020 | No se presta | Perteneció a la biblioteca personal de Juan Isidro Jimenes Grullón | ||||
| Excluido de préstamo | Raros y valiosos | Patrimonio Dominicano | Patrimonio Dominicano | Depósito | 01.08.2011 | LF1 | 336.3435 H565d | 2642-30 | 25.06.2020 | e. 3 | 25.06.2020 | No se presta | Perteneció a la biblioteca personal de Carlos Larrazabal Blanco |
